[Event "LXX C.to Italiano"]
[Site "Siena ITA"]
[Date "2010.11.23"]
[Round "1"]
[White "Bonafede, Alessandro"]
[Black "Caruana, Fabiano"]
[Result "1/2-1/2"]
[WhiteElo "2310"]
[BlackElo "2709"]
[PlyCount "126"]
[EventDate "2010.11.23"]

1. e4 c5 2. b4 cxb4 3. a3 e6 4. axb4 Bxb4 5. c3 Be7 6. d4 d6 7. Bd3 Nf6 8. Ne2
Nc6 9. O-O O-O 10. Nd2 e5 11. f4 Bg4 12. d5 Nb8 13. f5 Nbd7 14. h3 Bxe2 15.
Qxe2 Rc8 16. Nc4 Nc5 17. Bc2 Qc7 18. Na5 Bd8 19. Bd2 Ncxe4 20. Bxe4 Qc5+ 21.
Be3 Qxe3+ 22. Qxe3 Bb6 23. Qxb6 axb6 24. Nxb7 Nxe4 25. Rfb1 Nxc3 26. Rxb6 Nxd5
27. Rxd6 Ne3 28. g4 Nc2 29. Rc1 Nd4 30. Rxc8 Rxc8 31. Rd7 f6 32. Nd6 Ra8 33.
Kf2 h5 34. Ne4 Ra2+ 35. Kf1 Ra3 36. Kg2 Ne2 37. g5 Nf4+ 38. Kh2 Rxh3+ 39. Kg1
Rd3 40. Rxd3 Nxd3 41. gxf6 Nf4 42. Kf2 h4 43. fxg7 Kxg7 44. Kf3 h3 45. Nf2 h2
46. Kg3 Nd3 47. Nh1 Kf6 48. Kxh2 Kxf5 49. Kg2 Kf4 50. Ng3 Ke3 51. Nf5+ Ke2 52.
Ng3+ Ke3 53. Nf5+ Kd2 54. Nd6 Nb2 55. Kf3 Kd3 56. Ne4 Kd4 57. Ng5 Kd3 58. Ne4
Na4 59. Nf2+ Kd4 60. Ke2 Nc3+ 61. Kd2 Nd5 62. Ke2 Nf6 63. Nd3 e4 1/2-1/2

[Event "LXX C.to Italiano"]
[Site "Siena ITA"]
[Date "2010.11.23"]
[Round "1"]
[White "D'Amore, Carlo"]
[Black "Rombaldoni, Axel"]
[Result "1/2-1/2"]
[WhiteElo "2485"]
[BlackElo "2471"]
[PlyCount "72"]
[EventDate "2010.11.23"]

1. e4 c5 2. c3 d5 3. exd5 Qxd5 4. d4 g6 5. Nf3 Bg7 6. Na3 cxd4 7. Nb5 Na6 8.
Nbxd4 Nf6 9. Be2 O-O 10. O-O e5 11. Nb5 Bd7 12. Nd6 Bc6 13. Qxd5 Nxd5 14. Nc4
e4 15. Nd4 Ba4 16. f3 Nc5 17. fxe4 Nxe4 18. Bf3 Rae8 19. Bxe4 Rxe4 20. Nd6 Re7
21. Bg5 f6 22. Bd2 Rd8 23. Nc4 Be8 24. Rae1 Bf7 25. Na5 Rdd7 26. a3 Nb6 27. Bc1
Nc4 28. Nxc4 Bxc4 29. Rxe7 Rxe7 30. Rd1 f5 31. Kf2 h6 32. Be3 a6 33. h4 Rd7 34.
Rd2 Kf7 35. g3 Bd5 36. h5 Bxd4 1/2-1/2

[Event "LXX C.to Italiano"]
[Site "Siena ITA"]
[Date "2010.11.23"]
[Round "1"]
[White "Garcia Palermo, Carlos Horacio"]
[Black "Brunello, Sabino"]
[Result "1-0"]
[WhiteElo "2465"]
[BlackElo "2544"]
[PlyCount "37"]
[EventDate "2010.11.23"]

1. d4 Nf6 2. Nf3 e6 3. Bg5 h6 4. Bxf6 Qxf6 5. e4 b6 6. Bd3 Bb7 7. c3 Nc6 8. Qe2
O-O-O 9. a4 d5 10. e5 Qe7 11. Nbd2 g5 12. O-O Bg7 13. a5 f5 14. exf6 Bxf6 15.
Rfe1 g4 16. Qxe6+ Kb8 17. Qxg4 Qf8 18. axb6 axb6 19. Ba6 1-0

[Event "LXX C.to Italiano"]
[Site "Siena ITA"]
[Date "2010.11.23"]
[Round "1"]
[White "Genocchio, Daniele"]
[Black "Godena, Michele"]
[Result "1/2-1/2"]
[WhiteElo "2433"]
[BlackElo "2549"]
[PlyCount "24"]
[EventDate "2010.11.23"]

1. e4 e5 2. Nf3 Nc6 3. d4 exd4 4. Nxd4 Bc5 5. Nf5 d5 6. Nxg7+ Kf8 7. Nh5 Qh4 8.
Ng3 Nf6 9. Be2 dxe4 10. Nc3 Be6 11. O-O Ne5 12. Qe1 Rg8 1/2-1/2

[Event "LXX C.to Italiano"]
[Site "Siena ITA"]
[Date "2010.11.23"]
[Round "1"]
[White "Rombaldoni, Denis"]
[Black "Piscopo, Pierluigi"]
[Result "1-0"]
[WhiteElo "2494"]
[BlackElo "2399"]
[PlyCount "83"]
[EventDate "2010.11.23"]

1. Nf3 Nf6 2. c4 e6 3. Nc3 d5 4. e3 Nc6 5. d4 Bb4 6. Bd3 O-O 7. O-O a6 8. Qc2
dxc4 9. Bxc4 Bd6 10. Rd1 b5 11. Be2 Qe8 12. Ng5 h6 13. Nge4 Nxe4 14. Nxe4 Bb7
15. a3 Rd8 16. Bf3 e5 17. Nxd6 cxd6 18. dxe5 dxe5 19. Bd2 Qe6 20. Bc3 Rxd1+ 21.
Rxd1 Rd8 22. Rxd8+ Nxd8 23. Qd2 Nc6 24. Qd5 Qxd5 25. Bxd5 Kf8 26. Bxe5 Nxe5 27.
Bxb7 a5 28. Ba6 b4 29. axb4 axb4 30. Bb5 Ke7 31. Kf1 Kd6 32. Ke2 Kc5 33. f4
Kxb5 34. fxe5 Kc4 35. Kd2 Kb3 36. Kc1 h5 37. h4 g6 38. Kb1 Kc4 39. Kc2 Kd5 40.
Kb3 Kc5 41. Ka4 Kc4 42. b3+ 1-0

[Event "LXX C.to Italiano"]
[Site "Siena ITA"]
[Date "2010.11.24"]
[Round "2"]
[White "Bonafede, Alessandro"]
[Black "Genocchio, Daniele"]
[Result "1/2-1/2"]
[WhiteElo "2310"]
[BlackElo "2433"]
[PlyCount "45"]
[EventDate "2010.11.23"]

1. e4 e5 2. Nf3 Nc6 3. Bc4 Bc5 4. O-O d6 5. c3 Nf6 6. d4 Bb6 7. a4 exd4 8. cxd4
Bg4 9. Bb5 a6 10. Bxc6+ bxc6 11. a5 Ba7 12. Nc3 O-O 13. Bg5 h6 14. Bh4 g5 15.
Bg3 Rb8 16. Qd3 Rb4 17. Qxa6 Qa8 18. e5 Nh5 19. exd6 Nxg3 20. hxg3 cxd6 21. Ne4
Bxd4 22. Qd3 c5 23. Nxd4 1/2-1/2

[Event "LXX C.to Italiano"]
[Site "Siena ITA"]
[Date "2010.11.24"]
[Round "2"]
[White "Brunello, Sabino"]
[Black "Rombaldoni, Denis"]
[Result "0-1"]
[WhiteElo "2544"]
[BlackElo "2494"]
[PlyCount "80"]
[EventDate "2010.11.23"]

1. c4 e6 2. g3 d5 3. Bg2 Nf6 4. Nf3 d4 5. e3 c5 6. exd4 cxd4 7. d3 Nc6 8. O-O
Bd6 9. Re1 O-O 10. Nbd2 Re8 11. a3 a5 12. Ng5 h6 13. Nge4 Nxe4 14. Nxe4 Bf8 15.
g4 Be7 16. f4 f5 17. Ng3 g6 18. gxf5 exf5 19. Bd2 Bd6 20. Qb3 Rxe1+ 21. Rxe1
Kg7 22. Re2 a4 23. Qb5 Qc7 24. Qd5 Bd7 25. c5 Be7 26. Rxe7+ Nxe7 27. Qxd4+ Kf7
28. Bc3 Rf8 29. Nf1 Bc6 30. Ne3 Bxg2 31. Nc4 Bd5 32. Ba5 Qb8 33. Nd6+ Ke6 34.
Qe5+ Kd7 35. Bb4 g5 36. Kf1 gxf4 37. Qd4 Qc7 38. Bd2 b6 39. Bb4 f3 40. c6+ Kxc6
0-1

[Event "LXX C.to Italiano"]
[Site "Siena ITA"]
[Date "2010.11.24"]
[Round "2"]
[White "Dvirnyy, Danyyil"]
[Black "D'Amore, Carlo"]
[Result "1/2-1/2"]
[WhiteElo "2492"]
[BlackElo "2485"]
[PlyCount "41"]
[EventDate "2010.11.23"]

1. c4 Nf6 2. Nc3 e5 3. g3 Bb4 4. Bg2 O-O 5. Nf3 Re8 6. O-O c6 7. a3 Bxc3 8.
dxc3 d5 9. Bg5 Nbd7 10. cxd5 cxd5 11. e4 h6 12. Be3 Nb6 13. exd5 Nbxd5 14. c4
Nxe3 15. Qxd8 Rxd8 16. fxe3 Ng4 17. Rae1 Rd3 18. Rd1 Rxd1 19. Rxd1 Be6 20. Re1
Bxc4 21. h3 1/2-1/2

[Event "LXX C.to Italiano"]
[Site "Siena ITA"]
[Date "2010.11.24"]
[Round "2"]
[White "Godena, Michele"]
[Black "Ortega, Lexy"]
[Result "1/2-1/2"]
[WhiteElo "2549"]
[BlackElo "2480"]
[PlyCount "39"]
[EventDate "2010.11.23"]

1. e4 e5 2. Bc4 Nf6 3. d3 Bc5 4. Nc3 O-O 5. Nf3 Nc6 6. a3 Re8 7. Ng5 Rf8 8. Nf3
Re8 9. Bg5 h6 10. Bh4 Be7 11. Bxf6 Bxf6 12. Nd5 d6 13. O-O g6 14. Nxf6+ Qxf6
15. Qd2 Bg4 16. Ne1 Qg5 17. f4 exf4 18. Qxf4 Qxf4 19. Rxf4 Be6 20. Bxe6 1/2-1/2

[Event "LXX C.to Italiano"]
[Site "Siena ITA"]
[Date "2010.11.24"]
[Round "2"]
[White "Rombaldoni, Axel"]
[Black "Garcia Palermo, Carlos Horacio"]
[Result "0-1"]
[WhiteElo "2471"]
[BlackElo "2465"]
[PlyCount "50"]
[EventDate "2010.11.23"]

1. e4 e5 2. Nf3 Nc6 3. Bc4 Bc5 4. c3 d6 5. O-O Nf6 6. d4 exd4 7. cxd4 Bb6 8. d5
Ne7 9. Nc3 O-O 10. h3 Ng6 11. Re1 Re8 12. Nd4 a6 13. b4 Nh5 14. Nf5 Bxf5 15.
Qxh5 Qf6 16. Qf3 Bd4 17. Bb2 Ne5 18. Qe2 Bxh3 19. gxh3 Nxc4 20. Qxc4 Qxf2+ 21.
Kh1 Qf3+ 22. Kh2 Be5+ 23. Kg1 Qg3+ 24. Kf1 Qxh3+ 25. Ke2 Qg2+ 0-1

[Event "LXX C.to Italiano"]
[Site "Siena ITA"]
[Date "2010.11.25"]
[Round "3"]
[White "Garcia Palermo, Carlos Horacio"]
[Black "Dvirnyy, Danyyil"]
[Result "1-0"]
[WhiteElo "2465"]
[BlackElo "2492"]
[PlyCount "35"]
[EventDate "2010.11.23"]

1. Nf3 Nf6 2. c4 g6 3. b3 Bg7 4. Bb2 O-O 5. g3 c5 6. Bg2 d5 7. cxd5 Nxd5 8.
Bxg7 Kxg7 9. Qc1 b6 10. h4 h5 11. d4 cxd4 12. Nxd4 e5 13. Nc3 Bb7 14. Qd2 Nxc3
15. Bxb7 Qxd4 16. Bxa8 Na6 17. e3 Qb4 18. Bg2 1-0

[Event "LXX C.to Italiano"]
[Site "Siena ITA"]
[Date "2010.11.25"]
[Round "3"]
[White "Genocchio, Daniele"]
[Black "Caruana, Fabiano"]
[Result "1/2-1/2"]
[WhiteElo "2433"]
[BlackElo "2709"]
[PlyCount "58"]
[EventDate "2010.11.23"]

1. e4 c5 2. f4 d5 3. exd5 Nf6 4. Bb5+ Bd7 5. Bxd7+ Qxd7 6. c4 e6 7. Nf3 exd5 8.
Ne5 Qf5 9. O-O Bd6 10. Nc3 O-O 11. g4 Qe6 12. g5 d4 13. gxf6 dxc3 14. fxg7 Re8
15. Ng4 c2 16. Qf3 f5 17. Ne3 Nc6 18. Nxc2 Qxc4 19. Ne3 Qf7 20. b3 Nd4 21. Qd5
Re6 22. Bb2 Rd8 23. Kh1 b6 24. Rae1 Be7 25. Qb7 Nc6 26. Bc3 Rb8 27. Qd7 Rd8 28.
Qb7 Rb8 29. Qd7 Rd8 1/2-1/2

[Event "LXX C.to Italiano"]
[Site "Siena ITA"]
[Date "2010.11.25"]
[Round "3"]
[White "Ortega, Lexy"]
[Black "Bonafede, Alessandro"]
[Result "0-1"]
[WhiteElo "2480"]
[BlackElo "2310"]
[PlyCount "82"]
[EventDate "2010.11.23"]

1. d4 f5 2. Nc3 Nf6 3. Bg5 d5 4. Bxf6 exf6 5. e3 Be6 6. Bd3 Nc6 7. Nge2 Qd7 8.
a3 g6 9. Na4 Ne5 10. dxe5 Qxa4 11. exf6 a6 12. b4 Bd6 13. Nd4 Qd7 14. Qe2 O-O
15. c4 Be5 16. Rc1 Bxd4 17. exd4 f4 18. O-O Rae8 19. Qe5 dxc4 20. Rxc4 Bxc4 21.
Bxc4+ Kh8 22. Qxf4 Qd6 23. Qxd6 cxd6 24. f7 Rc8 25. Be6 Rc3 26. Ra1 Kg7 27. g3
b6 28. d5 Rb8 29. Kg2 Rb7 30. a4 Rbc7 31. h4 Rc1 32. Ra3 R7c3 33. Ra2 R1c2 34.
Ra1 Rb3 35. h5 gxh5 36. Kh3 Rxb4 37. Ra3 Rxf2 38. Rc3 Rbb2 39. Kh4 Rbc2 40. Rb3
Rh2+ 41. Kg5 Rcf2 0-1

[Event "LXX C.to Italiano"]
[Site "Siena ITA"]
[Date "2010.11.25"]
[Round "3"]
[White "Piscopo, Pierluigi"]
[Black "Brunello, Sabino"]
[Result "0-1"]
[WhiteElo "2399"]
[BlackElo "2544"]
[PlyCount "52"]
[EventDate "2010.11.23"]

1. e4 c6 2. d4 d5 3. exd5 cxd5 4. Bf4 Nc6 5. c3 Bf5 6. Qb3 Qd7 7. Nf3 e6 8. Be2
f6 9. O-O g5 10. Bg3 Nge7 11. Qd1 h5 12. h4 g4 13. Nfd2 Bh6 14. Nb3 b6 15. c4
Nb4 16. Na3 a6 17. f3 gxf3 18. Bxf3 Rc8 19. Bxh5+ Kd8 20. c5 Rg8 21. Rf3 Be4
22. Be1 Nd3 23. Rxd3 Rxg2+ 24. Kf1 Qc7 25. Rh3 Nf5 26. Bf2 Be3 0-1

[Event "LXX C.to Italiano"]
[Site "Siena ITA"]
[Date "2010.11.25"]
[Round "3"]
[White "Rombaldoni, Denis"]
[Black "Rombaldoni, Axel"]
[Result "1-0"]
[WhiteElo "2494"]
[BlackElo "2471"]
[PlyCount "69"]
[EventDate "2010.11.23"]

1. Nf3 Nf6 2. g3 g6 3. Bg2 Bg7 4. O-O d5 5. d4 O-O 6. c4 dxc4 7. Na3 Nc6 8.
Nxc4 Be6 9. b3 Bd5 10. Bb2 a5 11. Nfe5 Bxg2 12. Kxg2 a4 13. Nxc6 Qd5+ 14. f3
Qxc6 15. e4 e6 16. Ne5 Qb6 17. Qc2 a3 18. Bc3 c5 19. Qf2 cxd4 20. Bxd4 Qb5 21.
Nc4 Rfd8 22. Rad1 Qc6 23. Bb6 Rxd1 24. Rxd1 Nd7 25. Rd6 Qb5 26. Qd2 Nxb6 27.
Rxb6 Qe8 28. Rxb7 Rd8 29. Qa5 Bf8 30. Qc7 h5 31. Kf1 h4 32. gxh4 e5 33. Ke2 Bh6
34. Nd6 Qf8 35. Nxf7 1-0

[Event "LXX C.to Italiano"]
[Site "Siena ITA"]
[Date "2010.11.26"]
[Round "4"]
[White "Bonafede, Alessandro"]
[Black "D'Amore, Carlo"]
[Result "0-1"]
[WhiteElo "2310"]
[BlackElo "2485"]
[PlyCount "80"]
[EventDate "2010.11.23"]

1. e4 e5 2. Nf3 Nc6 3. Bc4 Bc5 4. O-O Nf6 5. d4 Bxd4 6. Nxd4 Nxd4 7. f4 d6 8.
fxe5 dxe5 9. Bg5 Qe7 10. c3 Ne6 11. Bxf6 Qc5+ 12. Kh1 Qxc4 13. Bxe5 Qxe4 14.
Bxc7 O-O 15. Nd2 Qg6 16. Bg3 b6 17. Nf3 Bb7 18. Nh4 Qe4 19. Qh5 Rad8 20. Rae1
Qc2 21. Qg4 Rd2 22. Be5 h5 23. Qg3 Rfd8 24. Nf3 Re2 25. Bxg7 Nxg7 26. Qc7 Bxf3
27. Qxd8+ Kh7 28. Rxe2 Qxe2 29. Rg1 Be4 30. Qc7 Qf2 31. Qe5 f5 32. c4 h4 33.
Qc3 Kg6 34. Qa3 Nh5 35. Qd6+ Nf6 36. a4 h3 37. Qg3+ Qxg3 38. hxg3 Ng4 39. Re1
Bxg2+ 40. Kg1 Bf3 0-1

[Event "LXX C.to Italiano"]
[Site "Siena ITA"]
[Date "2010.11.26"]
[Round "4"]
[White "Caruana, Fabiano"]
[Black "Brunello, Sabino"]
[Result "1-0"]
[WhiteElo "2709"]
[BlackElo "2544"]
[PlyCount "100"]
[EventDate "2010.11.23"]

1. d4 Nf6 2. c4 e6 3. Nc3 Bb4 4. e3 O-O 5. Nge2 b6 6. a3 Be7 7. e4 Bb7 8. Ng3
d5 9. cxd5 exd5 10. e5 Ne4 11. Bd3 f5 12. f3 c5 13. fxe4 fxe4 14. Bb5 cxd4 15.
Nce2 d3 16. Nd4 Bc5 17. Be3 Bxd4 18. Bxd4 Bc6 19. Ba4 Qg5 20. Bb3 Nd7 21. Qd2
Qg6 22. Rc1 Rae8 23. Rf1 Rxf1+ 24. Kxf1 Nxe5 25. Kg1 Nc4 26. Bxc4 dxc4 27. Rxc4
e3 28. Bxe3 Qe6 29. Rxc6 Qxc6 30. Qxd3 Qe6 31. Bd2 Qe5 32. Bc3 Qc5+ 33. Qd4
Qxd4+ 34. Bxd4 g6 35. Kf2 Kf7 36. Kf3 Ke6 37. Ne4 h5 38. Nc3 Kf5 39. h3 Rd8 40.
g4+ Ke6 41. Ke4 hxg4 42. hxg4 Rd7 43. Ne2 Kf7 44. Nf4 Re7+ 45. Be5 Rd7 46. Nd3
Ke6 47. Bc3 Re7 48. g5 Rc7 49. Ne5 Rc5 50. Kf4 Kd5 1-0

[Event "LXX C.to Italiano"]
[Site "Siena ITA"]
[Date "2010.11.26"]
[Round "4"]
[White "Dvirnyy, Danyyil"]
[Black "Rombaldoni, Denis"]
[Result "1-0"]
[WhiteElo "2492"]
[BlackElo "2494"]
[PlyCount "67"]
[EventDate "2010.11.23"]

1. e4 c6 2. d4 d5 3. e5 Bf5 4. Nd2 e6 5. g4 Bg6 6. Ne2 c5 7. h4 h5 8. Nf4 Ne7
9. gxh5 Bf5 10. dxc5 Qc7 11. Bb5+ Nec6 12. Nb3 Bxc5 13. Qe2 Bb6 14. Be3 Bxe3
15. fxe3 a6 16. Bd3 Bxd3 17. cxd3 Nxe5 18. Rg1 Qe7 19. O-O-O Qxh4 20. d4 Ned7
21. Rdf1 Nc6 22. Rg4 Qe7 23. Rxg7 Rc8 24. Kd1 Nd8 25. Qg2 Qb4 26. Ng6 Qc4 27.
Nxh8 Qd3+ 28. Ke1 Rc2 29. Rf2 Qxe3+ 30. Re2 Rxe2+ 31. Qxe2 Qh6 32. Rg8+ Ke7 33.
Rxd8 Qg7 34. Rc8 1-0

[Event "LXX C.to Italiano"]
[Site "Siena ITA"]
[Date "2010.11.26"]
[Round "4"]
[White "Genocchio, Daniele"]
[Black "Ortega, Lexy"]
[Result "1-0"]
[WhiteElo "2433"]
[BlackElo "2480"]
[PlyCount "67"]
[EventDate "2010.11.23"]

1. c4 e5 2. g3 Nf6 3. Bg2 c6 4. Nf3 e4 5. Nd4 Qb6 6. Nb3 a5 7. d4 a4 8. c5 Qb4+
9. Bd2 Qc4 10. Bc3 Qe6 11. N3d2 d6 12. cxd6 Bxd6 13. Qc2 e3 14. fxe3 Ng4 15.
Nf1 Nxe3 16. Nxe3 Qxe3 17. Nd2 O-O 18. Nc4 Qe6 19. Nb6 Ra6 20. Nxc8 Qxc8 21.
Qd3 c5 22. O-O Nc6 23. dxc5 Bxc5+ 24. Kh1 Qd8 25. Qf5 Qe7 26. Rf4 g6 27. Qh3
Ne5 28. Raf1 b5 29. Qh6 Be3 30. Bd5 Rf6 31. Qh4 Rxf4 32. Qxe7 Rxf1+ 33. Kg2
Rf2+ 34. Kh3 1-0

[Event "LXX C.to Italiano"]
[Site "Siena ITA"]
[Date "2010.11.26"]
[Round "4"]
[White "Godena, Michele"]
[Black "Garcia Palermo, Carlos Horacio"]
[Result "1/2-1/2"]
[WhiteElo "2549"]
[BlackElo "2465"]
[PlyCount "61"]
[EventDate "2010.11.23"]

1. e4 e5 2. Nf3 Nc6 3. Bb5 Nf6 4. d3 d6 5. c3 Be7 6. Nbd2 O-O 7. Nf1 Nb8 8. Ng3
c6 9. Ba4 Re8 10. O-O Bf8 11. Re1 Bg4 12. h3 Bxf3 13. Qxf3 g6 14. Bg5 Nbd7 15.
Rad1 Bg7 16. Bc2 Qb6 17. Bb3 a5 18. Be3 Qc7 19. a3 a4 20. Ba2 b5 21. h4 h5 22.
Nf1 Nf8 23. Nh2 Rad8 24. g3 d5 25. Bg5 N8h7 26. Bc1 dxe4 27. dxe4 c5 28. Bb1 c4
29. Nf1 Ng4 30. Kg2 Nf8 31. Qe2 1/2-1/2

[Event "LXX C.to Italiano"]
[Site "Siena ITA"]
[Date "2010.11.26"]
[Round "4"]
[White "Rombaldoni, Axel"]
[Black "Piscopo, Pierluigi"]
[Result "0-1"]
[WhiteElo "2471"]
[BlackElo "2399"]
[PlyCount "58"]
[EventDate "2010.11.23"]

1. e4 c5 2. Nf3 Nc6 3. Bb5 e6 4. O-O Nge7 5. c3 a6 6. Ba4 b5 7. Bc2 Bb7 8. d4
cxd4 9. Nxd4 Rc8 10. Nb3 Ng8 11. a4 b4 12. a5 Nf6 13. Be3 d6 14. Ra4 Be7 15. f4
O-O 16. cxb4 e5 17. Nc3 exf4 18. Bxf4 Ne5 19. Nd4 Nc4 20. Ra2 g6 21. Bb1 d5 22.
e5 Nh5 23. Bh6 Nxe5 24. Qe2 Re8 25. b5 Bc5 26. Ra4 Qh4 27. Qd2 Nc4 28. Rxc4
dxc4 29. Bf4 Nxf4 0-1

[Event "LXX C.to Italiano"]
[Site "Siena ITA"]
[Date "2010.11.27"]
[Round "5"]
[White "Brunello, Sabino"]
[Black "Rombaldoni, Axel"]
[Result "0-1"]
[WhiteElo "2544"]
[BlackElo "2471"]
[PlyCount "74"]
[EventDate "2010.11.23"]

1. c4 f5 2. d4 Nf6 3. Nf3 e6 4. e3 Be7 5. Bd3 O-O 6. O-O b6 7. Nbd2 Bb7 8. Qc2
c5 9. a3 g6 10. e4 cxd4 11. exf5 gxf5 12. Nxd4 Nc6 13. N2f3 Nxd4 14. Nxd4 Bc5
15. Nb3 Bd6 16. f4 Rf7 17. Be2 Rc8 18. Be3 Nd5 19. Qd2 Nxe3 20. Qxe3 Qf6 21.
Rad1 Bf8 22. Nd4 Rg7 23. Rf2 a5 24. Bf1 Bc5 25. Kh1 a4 26. Rfd2 Rg4 27. h3 Qh4
28. Kh2 Rxf4 29. Qc3 Bd6 30. Nxf5 Rf3+ 31. Rxd6 Qf4+ 32. g3 Qxf5 33. Qe1 Rf2+
34. Kg1 Qf3 35. R6d3 Rg2+ 36. Kh1 Rh2+ 37. Kxh2 Qh1# 0-1

[Event "LXX C.to Italiano"]
[Site "Siena ITA"]
[Date "2010.11.27"]
[Round "5"]
[White "D'Amore, Carlo"]
[Black "Genocchio, Daniele"]
[Result "1-0"]
[WhiteElo "2485"]
[BlackElo "2433"]
[PlyCount "33"]
[EventDate "2010.11.23"]

1. Nf3 Nf6 2. g3 d5 3. Bg2 c6 4. d3 Bg4 5. Nbd2 e6 6. b3 a5 7. a3 Be7 8. Bb2
O-O 9. O-O b5 10. h3 Bh5 11. e4 Qb6 12. Qe1 Na6 13. Ne5 Ra7 14. Rb1 Nd7 15.
exd5 cxd5 16. Nxd7 Rxd7 17. Qe5 1-0

[Event "LXX C.to Italiano"]
[Site "Siena ITA"]
[Date "2010.11.27"]
[Round "5"]
[White "Garcia Palermo, Carlos Horacio"]
[Black "Bonafede, Alessandro"]
[Result "1-0"]
[WhiteElo "2465"]
[BlackElo "2310"]
[PlyCount "50"]
[EventDate "2010.11.23"]

1. c4 f5 2. Nc3 Nf6 3. g3 g6 4. Bg2 Bg7 5. d3 d6 6. e4 fxe4 7. dxe4 O-O 8. Nge2
c5 9. O-O Nc6 10. h3 a6 11. f4 e5 12. f5 Nd4 13. g4 Ne8 14. Nd5 Rb8 15. a4 b6
16. Nxd4 cxd4 17. Qd3 g5 18. h4 h6 19. hxg5 hxg5 20. Qd2 Bh6 21. Ra3 Nf6 22.
Rh3 Nxd5 23. exd5 Rf6 24. Be4 b5 25. Qh2 Kg7 1-0

[Event "LXX C.to Italiano"]
[Site "Siena ITA"]
[Date "2010.11.27"]
[Round "5"]
[White "Ortega, Lexy"]
[Black "Caruana, Fabiano"]
[Result "1/2-1/2"]
[WhiteElo "2480"]
[BlackElo "2709"]
[PlyCount "82"]
[EventDate "2010.11.23"]

1. Nf3 Nf6 2. c4 e6 3. b3 b6 4. g3 Bb7 5. Bg2 c5 6. O-O Be7 7. Nc3 O-O 8. d4
cxd4 9. Nxd4 Bxg2 10. Kxg2 Qc8 11. Qd3 a6 12. Qf3 Ra7 13. Bb2 d6 14. Na4 Nfd7
15. Kg1 Rc7 16. Rfd1 Ne5 17. Qe3 Nbd7 18. Rac1 Qb7 19. Nc3 Nf6 20. Nf3 Ned7 21.
Nd4 Nc5 22. f3 Re8 23. Qd2 Ncd7 24. e4 Ne5 25. Qe2 Bf8 26. Rc2 Rcc8 27. Qg2
Rcd8 28. Rcd2 Nc6 29. Nxc6 Qxc6 30. e5 Qc5+ 31. Kh1 Qxe5 32. Nd5 Qf5 33. Bxf6
gxf6 34. Nxb6 Qa5 35. Na4 d5 36. cxd5 exd5 37. f4 d4 38. Qc6 Re1+ 39. Kg2 Rde8
40. Qf3 h5 41. f5 R1e3 1/2-1/2

[Event "LXX C.to Italiano"]
[Site "Siena ITA"]
[Date "2010.11.27"]
[Round "5"]
[White "Piscopo, Pierluigi"]
[Black "Dvirnyy, Danyyil"]
[Result "1-0"]
[WhiteElo "2399"]
[BlackElo "2492"]
[PlyCount "51"]
[EventDate "2010.11.23"]

1. e4 e6 2. Qe2 c5 3. Nf3 Nc6 4. g3 g6 5. Bg2 Bg7 6. O-O Nge7 7. c3 O-O 8. d4
cxd4 9. cxd4 d5 10. Nc3 dxe4 11. Nxe4 Qb6 12. Rd1 Nd5 13. Nc3 h6 14. Nxd5 exd5
15. Be3 Bg4 16. Qd2 Rfe8 17. Bxh6 Bxh6 18. Qxh6 Bxf3 19. Bxf3 Rad8 20. Qf4 Re6
21. b3 Kg7 22. Kg2 Qa6 23. h4 Ne7 24. h5 Nf5 25. hxg6 fxg6 26. Qc7+ 1-0

[Event "LXX C.to Italiano"]
[Site "Siena ITA"]
[Date "2010.11.27"]
[Round "5"]
[White "Rombaldoni, Denis"]
[Black "Godena, Michele"]
[Result "1-0"]
[WhiteElo "2494"]
[BlackElo "2549"]
[PlyCount "123"]
[EventDate "2010.11.23"]

1. Nf3 d6 2. d4 Bg4 3. e4 Nf6 4. h3 Bh5 5. Bd3 e5 6. c3 Nbd7 7. Nbd2 c6 8. Qe2
Be7 9. Nf1 Bxf3 10. Qxf3 d5 11. exd5 Nxd5 12. Be3 Bf6 13. O-O-O exd4 14. Qe4+
Qe7 15. Bxd4 Qxe4 16. Bxe4 Bxd4 17. Rxd4 Nf4 18. Ng3 Ne6 19. Rd2 g6 20. Bc2
O-O-O 21. Ne4 Ne5 22. Bb3 Nd3+ 23. Kc2 Ndc5 24. Bxe6+ Nxe6 25. Nd6+ Kc7 26.
Rhd1 Rhf8 27. h4 Nf4 28. g3 Nd5 29. Nb5+ Kb6 30. Na3 Kc7 31. c4 Nf6 32. Rxd8
Rxd8 33. Rxd8 Kxd8 34. Kd3 Kd7 35. Kd4 Ng4 36. f3 Nf6 37. Ke5 Nh5 38. g4 f6+
39. Ke4 Ng7 40. Nc2 Ne6 41. b4 c5 42. b5 Kd6 43. f4 Nf8 44. Ne3 Nd7 45. Nd5 Ke6
46. f5+ gxf5+ 47. gxf5+ Kf7 48. a4 a5 49. Nc7 Nb6 50. Ne6 Nxc4 51. Nd8+ Ke7 52.
Nxb7 Nd2+ 53. Kd5 c4 54. Nxa5 c3 55. Nc6+ Kd7 56. Nb4 Kc7 57. Ke6 Ne4 58. a5
Kb7 59. h5 h6 60. a6+ Ka7 61. Kd5 Nd2 62. Kc5 1-0

[Event "LXX C.to Italiano"]
[Site "Siena ITA"]
[Date "2010.11.28"]
[Round "6"]
[White "Bonafede, Alessandro"]
[Black "Rombaldoni, Denis"]
[Result "0-1"]
[WhiteElo "2310"]
[BlackElo "2494"]
[PlyCount "64"]
[EventDate "2010.11.23"]

1. e4 c5 2. Nf3 e6 3. Qe2 Nc6 4. g3 g6 5. Bg2 Bg7 6. O-O Nge7 7. c3 e5 8. Na3
O-O 9. Nc4 d6 10. Ne3 f5 11. Qc4+ Kh8 12. Ng5 fxe4 13. Nf7+ Rxf7 14. Qxf7 d5
15. c4 d4 16. Nd5 Bf5 17. Nf6 d3 18. g4 Bxg4 19. Nxg4 Qd6 20. Nf6 Bxf6 21. Bxe4
Nd4 22. b4 Bg7 23. bxc5 Qd7 24. c6 bxc6 25. Ba3 Qg4+ 26. Bg2 Nef5 27. Kh1 Qf4
28. Qb7 Rg8 29. Bxc6 e4 30. f3 Nxf3 31. Rf2 Ng3+ 32. hxg3 Qh6+ 0-1

[Event "LXX C.to Italiano"]
[Site "Siena ITA"]
[Date "2010.11.28"]
[Round "6"]
[White "Dvirnyy, Danyyil"]
[Black "Brunello, Sabino"]
[Result "0-1"]
[WhiteElo "2492"]
[BlackElo "2544"]
[PlyCount "252"]
[EventDate "2010.11.23"]

1. e4 c6 2. d4 d5 3. Nc3 dxe4 4. Nxe4 Bf5 5. Ng3 Bg6 6. h4 h6 7. Nf3 Nd7 8. h5
Bh7 9. Bd3 Bxd3 10. Qxd3 e6 11. Bf4 Qa5+ 12. Bd2 Bb4 13. c3 Be7 14. c4 Qc7 15.
O-O-O Ngf6 16. Kb1 O-O 17. Qc2 a5 18. Bc1 Rfd8 19. Rhe1 a4 20. a3 Bf8 21. Ne5
Nxe5 22. dxe5 Rxd1 23. Qxd1 Nd7 24. f4 b5 25. f5 Re8 26. f6 Nxf6 27. exf6 Qxg3
28. Re3 Qf4 29. Rf3 Qd6 30. Qe2 Qc5 31. Rg3 Qf5+ 32. Ka1 Qxf6 33. cxb5 cxb5 34.
Qxb5 Rc8 35. Bd2 Qf2 36. Qd3 Rc5 37. Bxh6 Rxh5 38. Bc1 Rc5 39. Bh6 Rh5 40. Bc1
Rh1 41. Kb1 Qe1 42. Qc3 Qxc3 43. Rxc3 Be7 44. Ka2 f5 45. Rc4 e5 46. Be3 f4 47.
Ba7 Rh2 48. Rxa4 Rxg2 49. Rc4 Kf7 50. a4 Bd8 51. Rc5 Bf6 52. Kb3 e4 53. Rc2 Rg5
54. Bb6 e3 55. Kc4 Rg1 56. a5 Bg5 57. Kd3 f3 58. Rc7+ Kg6 59. Bxe3 Rd1+ 60. Kc2
f2 61. Bxf2 Rd2+ 62. Kc3 Rxf2 63. b4 Bf6+ 64. Kb3 Rb2+ 65. Ka4 Kf5 66. a6 Ra2+
67. Kb5 Ke6 68. Rc6+ Kd7 69. Rc4 Bd8 70. Rd4+ Kc8 71. Rc4+ Kb8 72. Rd4 Bf6 73.
Re4 Rc2 74. Rc4 Re2 75. Kc5 Re5+ 76. Kb6 Re6+ 77. Rc6 Bd8+ 78. Kb5 Re7 79. Kc4
Re4+ 80. Kb3 Be7 81. Rc4 Re3+ 82. Kc2 Re5 83. Kb3 Re3+ 84. Kc2 Re6 85. b5 Rb6
86. Re4 Bc5 87. Re8+ Ka7 88. Re5 Rxb5 89. Rg5 Kxa6 90. Rxg7 Rb4 91. Rg3 Rh4 92.
Kb3 Kb5 93. Rd3 Bd4 94. Rf3 Be5 95. Re3 Bd4 96. Rf3 Re4 97. Rd3 Kc5 98. Rf3 Be5
99. Rh3 Rb4+ 100. Ka3 Rb1 101. Rh5 Kd4 102. Rh4+ Kc3 103. Ka4 Bd4 104. Rh3+ Kc4
105. Rg3 Rb8 106. Rg5 Ra8+ 107. Ra5 Rg8 108. Rh5 Bf2 109. Rf5 Bc5 110. Rf4+ Bd4
111. Rf5 Rb8 112. Rh5 Rb1 113. Rh3 Rg1 114. Rf3 Rb1 115. Rh3 Rb4+ 116. Ka5 Rb7
117. Rh6 Bc5 118. Rh4+ Kd5 119. Ka4 Bd4 120. Rh5+ Kc4 121. Rg5 Ra7+ 122. Ra5
Rg7 123. Rh5 Bf2 124. Rf5 Be3 125. Rh5 Bg5 126. Ka5 Rg6 0-1